00399pab a2200121 454500008004000000100002400040245011400064260000900178300001100187362000900198650001800207773005200225180718b1990 xxu||||| |||| 00| 0 eng d aHoogerwerf, Andries aPolicy and timebConsequences of time perspectives for the contents, processes and effects of public policies c1990 a671-92 aDec. aPublic Policy aInternational Review of Administrative Sciences